| 000 | 00600nam a22001817a 4500 | ||
|---|---|---|---|
| 999 |
_c193786 _d193786 |
||
| 005 | 20221130111952.0 | ||
| 010 | _aENG-135697 | ||
| 020 |
_a9789390122653 _c95.00 |
||
| 035 | _aEN-119229 | ||
| 037 | _bDBAD/PUB | ||
| 082 | _a421.5 | ||
| 245 |
_aArticulation III: _bcomulsory foundation course in english for the BCom Degree programmes |
||
| 260 |
_aHyderabad _bOrient Blackswan Pvt. Ltd. _c2020 |
||
| 270 |
_a3-6-752 Himayatnagar, Hyderabad _bTelangana _e500029 _minfo@orientblackswan.com |
||
| 300 |
_a149p. _c22cm(pbk) |
||
| 505 | _aSemester III | ||
| 942 |
_2ddc _cEN _mART _h421.5 |
||